<?xml version="1.0" encoding="UTF-8"?>
<record
    xmlns:xsi="http://www.w3.org/2001/XMLSchema-instance"
    xsi:schemaLocation="http://www.loc.gov/MARC21/slim http://www.loc.gov/standards/marcxml/schema/MARC21slim.xsd"
    xmlns="http://www.loc.gov/MARC21/slim">

  <leader>00828nam a2200241Ia 4500</leader>
  <controlfield tag="001">14772</controlfield>
  <controlfield tag="003">GE_BSU</controlfield>
  <controlfield tag="008">181216s||||||||xx |||||||||||||| ||und||</controlfield>
  <datafield tag="040" ind1=" " ind2=" ">
    <subfield code="c">GE_BSU</subfield>
  </datafield>
  <datafield tag="080" ind1=" " ind2=" ">
    <subfield code="a">519.76</subfield>
  </datafield>
  <datafield tag="100" ind1=" " ind2=" ">
    <subfield code="a">&#x410;&#x445;&#x43E;,&#x410;., &#x423;&#x441;&#x44C;&#x43C;&#x430;&#x43D;&#x433;,&#x414;&#x436;.</subfield>
  </datafield>
  <datafield tag="245" ind1=" " ind2=" ">
    <subfield code="a">&#x422;&#x435;&#x43E;&#x440;&#x438;&#x44F; &#x441;&#x438;&#x43D;&#x442;&#x430;&#x43A;&#x441;&#x438;&#x447;&#x435;&#x441;&#x43A;&#x43E;&#x433;&#x43E; &#x430;&#x43D;&#x430;&#x43B;&#x438;&#x437;&#x430;, &#x43F;&#x435;&#x440;&#x435;&#x432;&#x43E;&#x434;&#x430; &#x438; &#x43A;&#x43E;&#x43C;&#x43F;&#x438;&#x43B;&#x44F;&#x446;&#x438;&#x438;. &#x442;.1.</subfield>
  </datafield>
  <datafield tag="245" ind1=" " ind2=" ">
    <subfield code="b">&#x421;&#x438;&#x43D;&#x442;&#x430;&#x43A;&#x441;&#x438;&#x447;&#x435;&#x441;&#x43A;&#x438;&#x439; &#x430;&#x43D;&#x430;&#x43B;&#x438;&#x437;</subfield>
  </datafield>
  <datafield tag="245" ind1=" " ind2=" ">
    <subfield code="c">&#x41F;&#x43E;&#x434;.&#x440;&#x435;&#x434;.&#x412;.&#x41C;.&#x41A;&#x443;&#x440;&#x43E;&#x447;&#x43A;&#x438;&#x43D;&#x430;</subfield>
  </datafield>
  <datafield tag="260" ind1=" " ind2=" ">
    <subfield code="a">&#x41C;&#x43E;&#x441;&#x43A;&#x432;&#x430;</subfield>
  </datafield>
  <datafield tag="260" ind1=" " ind2=" ">
    <subfield code="b">&#x41C;&#x438;&#x440;</subfield>
  </datafield>
  <datafield tag="260" ind1=" " ind2=" ">
    <subfield code="c">1978</subfield>
  </datafield>
  <datafield tag="300" ind1=" " ind2=" ">
    <subfield code="a">614&#x441;&#x442;&#x440;.22&#x441;&#x43C;.</subfield>
  </datafield>
  <datafield tag="300" ind1=" " ind2=" ">
    <subfield code="e">&#x443;&#x43A;&#x430;&#x437;&#x430;&#x442;&#x435;&#x43B;&#x44C; &#x441;&#x442;&#x440;.575-596</subfield>
  </datafield>
  <datafield tag="653" ind1=" " ind2=" ">
    <subfield code="a">&#x421;&#x438;&#x43D;&#x442;&#x430;&#x43A;&#x441;&#x438;&#x447;&#x435;&#x441;&#x43A;&#x438;&#x439; &#x430;&#x43D;&#x430;&#x43B;&#x438;&#x437;</subfield>
  </datafield>
  <datafield tag="653" ind1=" " ind2=" ">
    <subfield code="a">&#x422;&#x435;&#x43E;&#x440;&#x438;&#x44F; &#x441;&#x438;&#x43D;&#x442;&#x430;&#x43A;&#x441;&#x438;&#x447;&#x435;&#x441;&#x43A;&#x43E;&#x433;&#x43E; &#x430;&#x43D;&#x430;&#x43B;&#x438;&#x437;&#x430;,&#x43F;&#x435;&#x440;&#x435;&#x432;&#x43E;&#x434;&#x430;  &#x438; &#x43A;&#x43E;&#x43C;&#x43F;&#x438;&#x43B;&#x44F;&#x446;&#x438;&#x438;</subfield>
  </datafield>
  <datafield tag="942" ind1=" " ind2=" ">
    <subfield code="c">BK</subfield>
  </datafield>
  <datafield tag="999" ind1=" " ind2=" ">
    <subfield code="c">47895</subfield>
    <subfield code="d">47895</subfield>
  </datafield>
  <datafield tag="952" ind1=" " ind2=" ">
    <subfield code="0">0</subfield>
    <subfield code="1">0</subfield>
    <subfield code="4">0</subfield>
    <subfield code="7">0</subfield>
    <subfield code="9">62658</subfield>
    <subfield code="d">2018-12-17</subfield>
    <subfield code="p">18288</subfield>
    <subfield code="r">2018-12-17</subfield>
    <subfield code="w">2018-12-17</subfield>
    <subfield code="y">BK</subfield>
  </datafield>
</record>
